RADARSAT for Amazonia : results of proRADAR investigations

Bibliographic Details
Other Authors: Ahern
Format: Book
Published: Canada : Canada Centre for Remote Sensing , 1998
Subjects:

MARC

LEADER 00000cam a2200000 7i4500
001 0000002827
005 20040120.0
090 0 0 |a 354.79   |b RAD 1998 
245 0 0 |a RADARSAT for Amazonia :   |b results of proRADAR investigations   |c edited by F. J. Ahern 
260 0 0 |a Canada :   |b Canada Centre for Remote Sensing ,   |c 1998 
300 |a v, 278 p. :   |b ill., maps ;   |c 29 cm. 
500 0 0 |a Includes bibliographies 
650 0 0 |a Artificial satellites in remote sensing   |z Amazon River Region 
650 0 0 |a RADARSAT (Remote sensing satellite)   |z Amazon River Region 
700 0 1 |a Ahern   |h F. J. 
998 |a JPSM 
999 |a 0000004486   |b Monograph   |c Open Shelf   |e Default branch